000
00253nam a2200109Ia 4500
008
190216s9999||||xx |||||||||||||| ||und||
100
_a
O M Anujan
245
0
_a
Aktheyan
260
_b
Sahithya Pravarthaka Co-Operative
650
_a
Kavitha
942
_c
BK
999
_c
24149
_d
24149